Échecs: Ne te fais pas capturer #1 - Mort subite - Statistiques

Statistiques générales
  • Ce quiz a été pris 7 348 fois
  • Le résultat moyen est 7 sur 15
Answers on the Grid
Answers color-coded by a green-red scale on the quiz's grid according to % correct below.
 
Statistiques - réponses
Réponse % Correct
60%
57%
56%
54%
52%
52%
51%
50%
47%
47%
47%
46%
39%
37%
31%
Aucun quiz correspondant
Distribution des résultats
% des personnes avec chaque résultat
Percentile par nombre de réponses
Votre historique - résultats
Vous n’avez pas pris ce quiz